000 00327nam a22001457a 4500
003 OSt
005 20160727222348.0
008 160621b xxu||||| |||| 00| 0 eng d
040 _cTEST
100 _9308
_aSingal, S,
245 _aNumerical Physics
260 _aN.D
_bArya
_c1988
300 _aNumerical Physics
942 _2ddc
_cBK
999 _c248
_d248